Konjunkturní situace ve Francii
Guardado en:
| Formato: | Libro |
|---|---|
| Lenguaje: | checo |
| Publicado: |
Praha
Výzkumný ústav vnějších ekonomických vztahů
1992
|
| Colección: | Aktuality ke Konjunkturnímu bulletinu
|
| Materias: | |
| Etiquetas: |
Sin Etiquetas, Sea el primero en etiquetar este registro!
|
MARC
| LEADER | 00000nam a2200000 4500 | ||
|---|---|---|---|
| 001 | c003919 | ||
| 005 | 20250526072733.5 | ||
| 041 | 0 | |a cze | |
| 044 | |a CZ | ||
| 245 | 1 | 0 | |a Konjunkturní situace ve Francii |
| 264 | 1 | |a Praha |b Výzkumný ústav vnějších ekonomických vztahů |c 1992 | |
| 300 | |a 46 s. | ||
| 490 | 1 | |a Aktuality ke Konjunkturnímu bulletinu | |
| 830 | 0 | |a Aktuality ke Konjunkturnímu bulletinu | |
| 610 | 2 | 0 | |a konjunktúra |
| 610 | 2 | 0 | |a Francúzsko |
| 610 | 2 | 0 | |a odvetvia priemyselné |
| 610 | 2 | 0 | |a investície |
| 610 | 2 | 0 | |a projekty |
| 610 | 2 | 0 | |a ponuka |
| 610 | 2 | 0 | |a dopyt |
| 610 | 2 | 0 | |a ukazovatele ekonomické |
| 610 | 2 | 0 | |a podnik priemyselný |
| 610 | 2 | 0 | |a obchod zahraničný |
| 610 | 2 | 0 | |a ČSFR |